Alfred Carmon papers, (Record no. 44300)

MARC details
000 -LEADER
fixed length control field 02287cpcaa2200469 4500
001 - CONTROL NUMBER
control field mm 94082767
003 - CONTROL NUMBER IDENTIFIER
control field DLC
005 - DATE AND TIME OF LATEST TRANSACTION
control field 20260227111724.0
007 - PHYSICAL DESCRIPTION FIXED FIELD--GENERAL INFORMATION
fixed length control field cr |||||||||||
008 - FIXED-LENGTH DATA ELEMENTS--GENERAL INFORMATION
fixed length control field 940621|||||||||||| eng
010 ## - LIBRARY OF CONGRESS CONTROL NUMBER
LC control number mm 94082767
040 ## - CATALOGING SOURCE
Original cataloging agency DLC
Transcribing agency DLC
Description conventions dacs
Modifying agency DLC
072 #7 - SUBJECT CATEGORY CODE
Subject category code W
Source lcmd
100 1# - MAIN ENTRY--PERSONAL NAME
Personal name Carmon, Alfred.
245 00 - TITLE STATEMENT
Title Alfred Carmon papers,
Inclusive dates 1859-1865.
300 ## - PHYSICAL DESCRIPTION
Extent 65
Type of unit items.
300 ## - PHYSICAL DESCRIPTION
Extent 1
Type of unit container.
300 ## - PHYSICAL DESCRIPTION
Extent 0.2
Type of unit linear feet.
506 0# - RESTRICTIONS ON ACCESS NOTE
Terms governing access Open to research.
520 8# - SUMMARY, ETC.
Summary, etc. Chiefly letters written by Carmon to his family in Sand Lake, N.Y., while serving with Company H, 169th New York Infantry Regiment, during the Civil War, describing camp life and skirmishes in Virginia, South Carolina, and Florida. Includes comments on Abraham Lincoln, Ulysses S. Grant, presidential election of 1864, and Robert E. Lee's surrender.
533 ## - REPRODUCTION NOTE
Type of reproduction Transcripts and summaries of each letter are included in the collection.
Place of reproduction [S.l.].
545 0# - BIOGRAPHICAL OR HISTORICAL DATA
Biographical or historical data Union army soldier.
546 ## - LANGUAGE NOTE
Language note Collection material in English.
555 8# - CUMULATIVE INDEX/FINDING AIDS NOTE
Cumulative index/finding aids note Finding aid available in the Library of Congress Manuscript Reading Room and at
Uniform Resource Identifier <a href="http://hdl.loc.gov/loc.mss/eadmss.ms007012">http://hdl.loc.gov/loc.mss/eadmss.ms007012</a>
600 10 - SUBJECT ADDED ENTRY--PERSONAL NAME
Personal name Grant, Ulysses S.
Fuller form of name (Ulysses Simpson),
Dates associated with a name 1822-1885.
600 10 - SUBJECT ADDED ENTRY--PERSONAL NAME
Personal name Lee, Robert E.
Fuller form of name (Robert Edward),
Dates associated with a name 1807-1870.
600 10 - SUBJECT ADDED ENTRY--PERSONAL NAME
Personal name Lincoln, Abraham,
Dates associated with a name 1809-1865.
610 10 - SUBJECT ADDED ENTRY--CORPORATE NAME
Corporate name or jurisdiction name as entry element United States.
Subordinate unit Army.
-- New York Infantry Regiment, 169th (1862-1865)
650 #0 - SUBJECT ADDED ENTRY--TOPICAL TERM
Topical term or geographic name entry element Presidents
Geographic subdivision United States
General subdivision Election
Chronological subdivision 1864.
651 #0 - SUBJECT ADDED ENTRY--GEOGRAPHIC NAME
Geographic name Florida
General subdivision History
Chronological subdivision Civil War, 1861-1865.
651 #0 - SUBJECT ADDED ENTRY--GEOGRAPHIC NAME
Geographic name Sand Lake (N.Y.)
651 #0 - SUBJECT ADDED ENTRY--GEOGRAPHIC NAME
Geographic name South Carolina
General subdivision History
Chronological subdivision Civil War, 1861-1865.
651 #0 - SUBJECT ADDED ENTRY--GEOGRAPHIC NAME
Geographic name Virginia
General subdivision History
Chronological subdivision Civil War, 1861-1865.
651 #0 - SUBJECT ADDED ENTRY--GEOGRAPHIC NAME
Geographic name United States
General subdivision History
Chronological subdivision Civil War, 1861-1865
General subdivision Campaigns.
651 #0 - SUBJECT ADDED ENTRY--GEOGRAPHIC NAME
Geographic name United States
General subdivision History
Chronological subdivision Civil War, 1861-1865
General subdivision Peace.
651 #0 - SUBJECT ADDED ENTRY--GEOGRAPHIC NAME
Geographic name United States
General subdivision History
Chronological subdivision Civil War, 1861-1865
General subdivision Personal narratives.
656 #7 - INDEX TERM--OCCUPATION
Occupation Soldiers.
Source of term itoamc
856 4# - ELECTRONIC LOCATION AND ACCESS
Materials specified Finding aid
Uniform Resource Identifier <a href="http://hdl.loc.gov/loc.mss/eadmss.ms007012">http://hdl.loc.gov/loc.mss/eadmss.ms007012</a>
856 4# - ELECTRONIC LOCATION AND ACCESS
Materials specified Finding aid (PDF)
Uniform Resource Identifier <a href="http://hdl.loc.gov/loc.mss/eadmss.ms007012.3">http://hdl.loc.gov/loc.mss/eadmss.ms007012.3</a>

No items available.

Powered by Koha